| 000 | 00789nam a22001937a 4500 | ||
|---|---|---|---|
| 999 |
_c6141 _d6141 |
||
| 003 | AR-CdUCM | ||
| 008 | 190313b ||||| |||| 00| 0 spa d | ||
| 040 |
_aMUNICIPALIDAD PROVINCIAL DEL CUSCO _cBIBLIOTECA MUNICIPAL DEL CUSCO |
||
| 082 |
_a848.984 / _bC17 |
||
| 100 |
_aCalabi Abaroa, G. H. _917801 |
||
| 245 |
_aEl poder y la trampa o el ombligo y la burococosis : _b(pieza teatral en tres actos y dos partes; segundo acto, por escribire; tercer acto, por hacerse.) / |
||
| 260 |
_aLa Paz : _bCasa Municipal de la Cultura "Franz Tamayo" , _c1978. |
||
| 300 |
_a117 páginas ; _c21 cm. |
||
| 500 | _aPrimer premioen teatro. XI concurso anual de Literatura "Franz Tamayo" de 1977. | ||
| 650 |
_aTeatro _9173 |
||
| 650 |
_aLiteratura boliviana _94271 |
||
| 942 |
_2ddc _cLIBROS |
||
| 945 | _azta | ||